[Event "ENCI Limburg-open B"]
[Site "Maastricht"]
[Date "2008.05.11"]
[Round "4"]
[White "Auwens, Michel"]
[Black "Rieksen, Koen"]
[Result "1/2-1/2"]
[WhiteElo "1801"]
[BlackElo "1535"]
[PlyCount "106"]
[EventDate "2008.05.09"]
[EventType "swiss"]
[EventRounds "7"]
[EventCountry "NED"]
[Source "P.Boonen"]
[SourceDate "2010.01.01"]

1. e4 c5 2. Nf3 Nc6 3. d4 cxd4 4. c3 d6 5. Bc4 g6 6. cxd4 Nf6 7. Nc3 Bg7 8. O-O
O-O 9. h3 a6 10. a4 Nd7 11. Be3 Kh8 12. Ng5 e6 13. d5 Nce5 14. Bb3 exd5 15. f4
Nc4 16. Bxc4 dxc4 17. Qxd6 h6 18. Nf3 Nf6 19. Qxd8 Rxd8 20. Ne5 Kg8 21. Nxc4
Be6 22. Nb6 Rab8 23. f5 gxf5 24. exf5 Bb3 25. Bf4 Nh5 26. Bxb8 Bd4+ 27. Kh2
Rxb8 28. Ra3 Be5+ 29. g3 Bxg3+ 30. Kg2 Bc2 31. Nd7 Rd8 32. Nf6+ Nxf6 33. Kxg3
Kh7 34. Rf2 Be4 35. Ra1 Bc6 36. Re1 Rg8+ 37. Kh2 Rg5 38. Rg1 Rh5 39. Ne2 Ne4
40. Rf4 Ng5 41. Rg3 Ne4 42. Re3 Nf6 43. Nd4 Nd5 44. Nxc6 Nxf4 45. Nd8 Rxf5 46.
Nxb7 Ng6 47. Re2 Rf4 48. Nc5 Rc4 49. Nxa6 Rxa4 50. Nc5 Rc4 51. Nd3 Nf4 52. Nxf4
Rxf4 53. Kg3 Rb4 1/2-1/2

[Event "ENCI Limburg-open B"]
[Site "Maastricht"]
[Date "2008.05.11"]
[Round "4"]
[White "Been, Klaas"]
[Black "Hebels, Alex"]
[Result "1-0"]
[WhiteElo "1625"]
[BlackElo "1146"]
[PlyCount "107"]
[EventDate "2008.05.09"]
[EventType "swiss"]
[EventRounds "7"]
[EventCountry "NED"]
[Source "P.Boonen"]
[SourceDate "2010.01.01"]

1. d4 d5 2. Nf3 Nc6 3. e3 Bg4 4. Nbd2 e5 5. dxe5 Nxe5 6. Be2 Bd6 7. O-O Nf6 8.
Nxe5 Bxe2 9. Qxe2 Bxe5 10. Nf3 Nd7 11. Nxe5 Nxe5 12. Qb5+ c6 13. Qxb7 O-O 14.
b3 Qd6 15. h3 Rfb8 16. Qa6 Qg6 17. Qe2 f6 18. Bb2 Nf7 19. c4 Ng5 20. Kh2 Rb4
21. Bc3 Rb7 22. cxd5 cxd5 23. Rfd1 Rc8 24. Rac1 Rbc7 25. Bb2 Rc2 26. Rxc2 Rxc2
27. Rd2 Rxd2 28. Qxd2 Qf5 29. f3 Qxf3 30. h4 Qg3+ 31. Kxg3 Ne4+ 32. Kf4 Nxd2
33. Bd4 a6 34. b4 Kf7 35. Bc3 Ne4 36. Be1 Ke6 37. Kf3 Kf5 38. g4+ Ke5 39. Ke2
d4 40. Kd3 dxe3 41. Kxe3 g6 42. a4 Nd6 43. Bg3+ Ke6 44. Bxd6 Kxd6 45. Kd4 f5
46. gxf5 gxf5 47. b5 axb5 48. axb5 f4 49. Ke4 Kc5 50. Kxf4 Kxb5 51. Kg5 Kc6 52.
Kh6 Kd6 53. Kxh7 Ke7 54. Kg7 1-0

[Event "ENCI Limburg-open B"]
[Site "Maastricht"]
[Date "2008.05.11"]
[Round "4"]
[White "Begri, Felix"]
[Black "Gunther, Marcella"]
[Result "0-1"]
[WhiteElo "1365"]
[BlackElo "1628"]
[PlyCount "60"]
[EventDate "2008.05.09"]
[EventType "swiss"]
[EventRounds "7"]
[EventCountry "NED"]
[Source "P.Boonen"]
[SourceDate "2010.01.01"]

1. d4 Nf6 2. Nf3 g6 3. c4 c6 4. g3 d5 5. Bg2 Bg7 6. Nc3 Bf5 7. O-O dxc4 8. Ne5
O-O 9. Nxc4 Nd5 10. Qb3 Qd7 11. Nxd5 cxd5 12. Ne3 Nc6 13. Nxf5 Qxf5 14. e3 e6
15. Qxb7 Rfc8 16. Bd2 Rab8 17. Qa6 Rc7 18. Rac1 Rb6 19. Qa3 Bf8 20. Qa4 Qd3 21.
Ba5 Ra6 22. Rc3 Qd2 23. Rxc6 Rxa5 24. Rxc7 Rxa4 25. Rfc1 Rxa2 26. R1c2 Qd1+ 27.
Bf1 Ra1 28. Kg2 Qxf1+ 29. Kf3 Qh1+ 30. Kf4 Bd6+ 0-1

[Event "ENCI Limburg-open B"]
[Site "Maastricht"]
[Date "2008.05.11"]
[Round "4"]
[White "Bemmelmans, Kristy"]
[Black "Smit, Melvin"]
[Result "0-1"]
[WhiteElo "1440"]
[BlackElo "1678"]
[PlyCount "88"]
[EventDate "2008.05.09"]
[EventType "swiss"]
[EventRounds "7"]
[EventCountry "NED"]
[Source "P.Boonen"]
[SourceDate "2010.01.01"]

1. e4 d5 2. exd5 Qxd5 3. Nc3 Qd6 4. Nf3 Nf6 5. d4 a6 6. Bc4 Bg4 7. Be3 Nc6 8.
h3 Bh5 9. g4 Bg6 10. Bd3 e6 11. Bxg6 hxg6 12. Ke2 O-O-O 13. Qd2 Nd5 14. Ne4 Qd7
15. Rad1 f5 16. Neg5 Bd6 17. c4 Nf6 18. c5 Bf8 19. Ne5 Nxe5 20. dxe5 Nd5 21.
gxf5 gxf5 22. Qa5 f4 23. c6 Qe7 24. cxb7+ Kxb7 25. Bd4 Qxg5 26. Rd3 Ra8 27. Rc1
f3+ 28. Kd1 Bb4 29. Rxc7+ Nxc7 30. Qxb4+ Nb5 31. a4 Rxh3 32. axb5 a5 33. Qd6
Rh1+ 34. Kc2 Qc1+ 35. Kb3 a4+ 36. Kb4 Qc7 37. Rxf3 Qa5+ 38. Kc4 Rc8+ 39. Kd3
Qxb5+ 40. Ke4 Qe2+ 41. Kf4 g5+ 42. Kg4 Qe4+ 43. Kxg5 Rg8+ 44. Kf6 Qg6+ 0-1

[Event "ENCI Limburg-open B"]
[Site "Maastricht"]
[Date "2008.05.11"]
[Round "4"]
[White "Bieberle, Gerhard"]
[Black "Daamen, Roland"]
[Result "0-1"]
[WhiteElo "1789"]
[BlackElo "1647"]
[PlyCount "136"]
[EventDate "2008.05.09"]
[EventType "swiss"]
[EventRounds "7"]
[EventCountry "NED"]
[Source "P.Boonen"]
[SourceDate "2010.01.01"]

1. d4 Nf6 2. e3 g6 3. b3 Bg7 4. Bb2 O-O 5. f4 d5 6. Bd3 c5 7. c3 Qb6 8. h3 Qe6
9. Qf3 cxd4 10. cxd4 Nc6 11. a3 Ne4 12. Ne2 b6 13. Nd2 Nxd2 14. Kxd2 Na5 15.
Bc2 Ba6 16. Bc3 Nb7 17. g4 Bxe2 18. Qxe2 Nd6 19. Qf3 Ne4+ 20. Bxe4 dxe4 21. Qd1
Rac8 22. Qb1 Rfd8 23. Qb2 Qd5 24. a4 a6 25. Bb4 e5 26. fxe5 Qxe5 27. Rag1 b5
28. a5 Qf6 29. Rf1 Qg5 30. Ke2 Bh6 31. Bd2 Rd7 32. Rc1 Rdc7 33. Rxc7 Rxc7 34.
Rc1 Qd8 35. Bb4 Rxc1 36. Qxc1 Qb8 37. Qh1 f5 38. gxf5 gxf5 39. Qg2+ Kf7 40. Kd2
Qd8 41. Bc3 Qg5 42. Qxg5 Bxg5 43. d5 f4 44. exf4 Bxf4+ 45. Ke2 Ke7 46. Bb4+ Kf6
47. Bc3+ Be5 48. Bb4 Bf4 49. Bc3+ Kf5 50. Bd4 Bg5 51. b4 Bf4 52. Bb6 Bd6 53.
Ke3 Bxb4 54. Kd4 Bd6 55. Bc5 Bxc5+ 56. Kxc5 e3 57. d6 e2 58. d7 e1=Q 59. d8=Q
Qc3+ 60. Kb6 Qf6+ 61. Qxf6+ Kxf6 62. Kxa6 b4 63. Kb7 b3 64. a6 b2 65. a7 b1=Q+
66. Kc7 Qa1 67. Kb8 Qxa7+ 68. Kxa7 Kg5 0-1

[Event "ENCI Limburg-open B"]
[Site "Maastricht"]
[Date "2008.05.11"]
[Round "4"]
[White "Bok, Gidius"]
[Black "Kukhianidze, Nadia"]
[Result "0-1"]
[WhiteElo "1519"]
[BlackElo "1248"]
[PlyCount "62"]
[EventDate "2008.05.09"]
[EventType "swiss"]
[EventRounds "7"]
[EventCountry "NED"]
[Source "P.Boonen"]
[SourceDate "2010.01.01"]

1. e4 d6 2. Nf3 Nf6 3. Nc3 g6 4. d4 Bg7 5. Bc4 O-O 6. Bg5 Nxe4 7. Nxe4 d5 8.
Bd3 dxe4 9. Bxe4 c6 10. Qd3 Nd7 11. Qe2 Nf6 12. Bd3 Re8 13. O-O-O Nd5 14. Bc4
Be6 15. Bd2 b5 16. Bb3 a5 17. Ng5 Bc8 18. Qf3 f6 19. Bxd5+ Qxd5 20. Qxd5+ cxd5
21. Nf3 Bf5 22. Rhe1 Rac8 23. Bc3 b4 24. Bxb4 axb4 25. Re2 Kf7 26. h3 Rc7 27.
g4 Bd7 28. Kb1 Bb5 29. Re3 Rec8 30. Ne1 Bh6 31. Rb3 Be2 0-1

[Event "ENCI Limburg-open B"]
[Site "Maastricht"]
[Date "2008.05.11"]
[Round "4"]
[White "Bokern, Paul"]
[Black "Boer, Jan"]
[Result "0-1"]
[WhiteElo "1268"]
[BlackElo "1578"]
[PlyCount "150"]
[EventDate "2008.05.09"]
[EventType "swiss"]
[EventRounds "7"]
[EventCountry "NED"]
[Source "P.Boonen"]
[SourceDate "2010.01.01"]

1. e4 e5 2. Nf3 Nc6 3. Bc4 Bc5 4. c3 Nf6 5. d4 exd4 6. cxd4 Bb4+ 7. Nc3 Nxe4 8.
Bd2 Nxd2 9. Qe2+ Ne4 10. Qxe4+ Qe7 11. Qxe7+ Nxe7 12. O-O O-O 13. Rfe1 d5 14.
a3 Bxc3 15. bxc3 dxc4 16. Rxe7 c6 17. Ne5 Be6 18. Rxb7 Bd5 19. Rc7 Rfc8 20.
Rxc8+ Rxc8 21. Rb1 f6 22. Nf3 Re8 23. Kf1 Be4 24. Re1 Bd3+ 25. Kg1 Kf7 26. h3
Rb8 27. Rc1 Rb3 28. a4 Ra3 29. Ne1 Bg6 30. g4 Ke6 31. f4 Be4 32. Ng2 Bxg2 33.
Kxg2 Kd5 34. Re1 Rxc3 35. Re7 Rd3 36. Rxa7 c3 37. Rd7+ Kc4 38. Rc7 Rd2+ 39. Kf3
Kb3 40. Ke3 Kxa4 41. Rxc6 Kb3 42. d5 Rxd5 43. Rb6+ Kc2 44. Rb7 Rd3+ 45. Ke2
Rxh3 46. Rxg7 Kc1 47. Rf7 c2 48. Rxf6 Kb2 49. Rb6+ Rb3 50. Rc6 c1=Q 51. Rxc1
Kxc1 52. f5 h6 53. f6 Rb8 54. Ke3 Rf8 55. Ke4 Rxf6 56. Ke5 Rf1 57. Ke6 Kd2 58.
Ke5 Ke3 59. Kd5 Kf4 60. Ke6 Kxg4 61. Ke5 Rf4 62. Ke6 Rf5 63. Kd6 Kf4 64. Ke6
Ke4 65. Kd6 Re5 66. Kd7 Kd5 67. Kc7 Re6 68. Kd7 h5 69. Kc7 h4 70. Kd7 h3 71.
Kc7 h2 72. Kd7 h1=R 73. Kc7 Rh7+ 74. Kd8 Rg6 75. Ke8 Rg8# 0-1

[Event "ENCI Limburg-open B"]
[Site "Maastricht"]
[Date "2008.05.11"]
[Round "4"]
[White "Bravo, Fabio"]
[Black "Tran, Long"]
[Result "0-1"]
[WhiteElo "1665"]
[BlackElo "1845"]
[PlyCount "118"]
[EventDate "2008.05.09"]
[EventType "swiss"]
[EventRounds "7"]
[EventCountry "NED"]
[Source "P.Boonen"]
[SourceDate "2010.01.01"]

1. e4 e6 2. d4 d5 3. e5 c5 4. c3 Nc6 5. Nf3 Qb6 6. Bd3 Bd7 7. Bc2 cxd4 8. cxd4
Nb4 9. O-O Nxc2 10. Qxc2 Rc8 11. Nc3 Bb4 12. Bd2 Ne7 13. a3 Bxc3 14. bxc3 Qa6
15. a4 Nc6 16. Bc1 Na5 17. Ba3 Qc4 18. Qd2 h6 19. Qf4 Qd3 20. g4 Nc4 21. Rfc1
b6 22. Ne1 Qg6 23. Ng2 h5 24. g5 h4 25. h3 Rh5 26. Nxh4 Rxg5+ 27. Kh2 Qh6 28.
Rg1 Rh5 29. Qxh6 Rxh6 30. Nf3 Nxa3 31. Rxa3 g6 32. Nd2 Ke7 33. Rg3 Rc7 34. Kg2
Rh8 35. Kf1 Bc8 36. Ke1 Ba6 37. Nf3 Bd3 38. Kd2 Bf5 39. Ng1 Rh7 40. Re3 f6 41.
exf6+ Kxf6 42. a5 bxa5 43. Rxa5 Rb7 44. Ra1 Rhe7 45. Ke1 Rh7 46. Re2 Rb3 47.
Rea2 Rxc3 48. Rxa7 Rxa7 49. Rxa7 Rc1+ 50. Ke2 Rxg1 51. Rh7 Rh1 52. h4 Bg4+ 53.
Ke3 Re1+ 54. Kd3 Bf5+ 55. Kc3 Rf1 56. h5 gxh5 57. Rxh5 Rxf2 58. Rh1 Rc2+ 59.
Kb3 Rc4 0-1

[Event "ENCI Limburg-open B"]
[Site "Maastricht"]
[Date "2008.05.11"]
[Round "4"]
[White "Camps, Jeroen"]
[Black "Van der Sanden, Martien"]
[Result "1/2-1/2"]
[WhiteElo "1447"]
[BlackElo "1872"]
[PlyCount "63"]
[EventDate "2008.05.09"]
[EventType "swiss"]
[EventRounds "7"]
[EventCountry "NED"]
[Source "P.Boonen"]
[SourceDate "2010.01.01"]

1. d4 Nf6 2. c4 g6 3. Nc3 Bg7 4. e4 d6 5. f3 O-O 6. Be3 e5 7. d5 Ne8 8. Bd3 Bh6
9. Qe2 Bxe3 10. Qxe3 f5 11. exf5 Bxf5 12. Bxf5 gxf5 13. Nge2 Qh4+ 14. g3 Qxc4
15. f4 Nd7 16. O-O-O Nef6 17. fxe5 Nxe5 18. Kb1 Kh8 19. Nf4 Neg4 20. Qd2 Ne4
21. Nxe4 Qxe4+ 22. Ka1 Qe3 23. Rhe1 Qxd2 24. Rxd2 Rfe8 25. Rde2 Rxe2 26. Rxe2
Ne5 27. Rc2 c5 28. Rf2 Kg7 29. Ne6+ Kf6 30. h3 h5 31. Nf4 Rh8 32. Kb1 1/2-1/2

[Event "ENCI Limburg-open B"]
[Site "Maastricht"]
[Date "2008.05.11"]
[Round "4"]
[White "Chappin, Rene"]
[Black "Heuts, Guido"]
[Result "1/2-1/2"]
[WhiteElo "1700"]
[BlackElo "1498"]
[PlyCount "69"]
[EventDate "2008.05.09"]
[EventType "swiss"]
[EventRounds "7"]
[EventCountry "NED"]
[Source "P.Boonen"]
[SourceDate "2010.01.01"]

1. e4 c6 2. d4 d5 3. e5 Bf5 4. Bd3 Bxd3 5. Qxd3 e6 6. Nf3 c5 7. c3 Nc6 8. a3
Qc7 9. b4 cxd4 10. Bf4 a6 11. cxd4 b5 12. O-O Nge7 13. g4 Ng6 14. Bg3 Be7 15.
Nbd2 O-O 16. Nb3 Qd8 17. Kg2 Nh4+ 18. Bxh4 Bxh4 19. Rfc1 Nb8 20. Rc2 f5 21. Nc5
Qe7 22. Nxe6 Qxe6 23. Nxh4 fxg4 24. Kg1 Nc6 25. Rac1 Ne7 26. Qd2 Rac8 27. Rxc8
Rxc8 28. Rc5 Nc6 29. Qc2 g6 30. Ng2 Ne7 31. Nf4 Rxc5 32. Qxc5 Qc6 33. Kg2 Qxc5
34. dxc5 Kf7 35. f3 1/2-1/2

[Event "ENCI Limburg-open B"]
[Site "Maastricht"]
[Date "2008.05.11"]
[Round "4"]
[White "Coenjaerts, Rene"]
[Black "Gransier, Theo"]
[Result "1-0"]
[WhiteElo "1696"]
[BlackElo "1584"]
[PlyCount "79"]
[EventDate "2008.05.09"]
[EventType "swiss"]
[EventRounds "7"]
[EventCountry "NED"]
[Source "P.Boonen"]
[SourceDate "2010.01.01"]

1. e4 e5 2. Nf3 Nc6 3. Bb5 Bc5 4. O-O Nge7 5. Nc3 a6 6. Ba4 O-O 7. d3 d6 8. h3
Be6 9. Ng5 b5 10. Qh5 h6 11. Nxe6 fxe6 12. Bb3 Nd4 13. Qg4 Rf6 14. Bd2 Qf8 15.
Be3 Rg6 16. Qh5 Qe8 17. Kh1 Nxb3 18. axb3 Bxe3 19. fxe3 Rg3 20. Qxe8+ Rxe8 21.
Rxa6 Rc8 22. Nxb5 Rg6 23. Ra7 d5 24. Rxc7 Rxc7 25. Nxc7 dxe4 26. dxe4 Nc8 27.
Rd1 Kf7 28. Rd7+ Ne7 29. Kg1 Kf6 30. c4 Nc6 31. c5 Na5 32. b4 Nc4 33. Kf2 Nxb2
34. b5 Na4 35. Na6 Nc3 36. b6 Nxe4+ 37. Kg1 Rg3 38. b7 Rxe3 39. b8=Q Re1+ 40.
Kh2 1-0

[Event "ENCI Limburg-open B"]
[Site "Maastricht"]
[Date "2008.05.11"]
[Round "4"]
[White "Cox, Jan"]
[Black "Van den Heede, Dorian"]
[Result "1/2-1/2"]
[WhiteElo "1477"]
[BlackElo "1686"]
[PlyCount "130"]
[EventDate "2008.05.09"]
[EventType "swiss"]
[EventRounds "7"]
[EventCountry "NED"]
[Source "P.Boonen"]
[SourceDate "2010.01.01"]

1. e4 e5 2. Nf3 Nc6 3. Nc3 Bc5 4. Nxe5 Nxe5 5. d4 Bd6 6. dxe5 Bxe5 7. Bc4 Bxc3+
8. bxc3 d6 9. O-O Be6 10. Bb3 Qe7 11. f4 O-O-O 12. Qd4 Nf6 13. Qxa7 Bxb3 14. e5
Bd5 15. exf6 Qxf6 16. Qd4 Qf5 17. Bb2 Bc6 18. Rf2 f6 19. a4 Qa5 20. Qb4 Qa6 21.
c4 Rhe8 22. Rd2 Re4 23. Rd4 Qa7 24. Qd2 Rde8 25. Kf1 Re3 26. Rd3 R3e6 27. Bd4
Qa6 28. Rc3 Bxa4 29. Qd3 Qc6 30. Qf5 Qe4 31. Qxe4 Rxe4 32. Rxa4 Rxd4 33. Ra8+
Kd7 34. Rxe8 Kxe8 35. g3 Rd2 36. h4 f5 37. c5 d5 38. Ke1 Rd4 39. Rb3 Rc4 40.
Rxb7 Rxc5 41. Rb8+ Kf7 42. Kd2 c6 43. Kd3 h6 44. Rb7+ Kf6 45. Rd7 Rc4 46. Rd6+
Kf7 47. Rd7+ Kg6 48. Re7 Kf6 49. Rd7 Re4 50. Kd2 g5 51. Rd6+ Re6 52. fxg5+ hxg5
53. hxg5+ Ke7 54. Rxe6+ Kxe6 55. Ke3 Kf7 56. Kd4 Kg6 57. Kc5 Kxg5 58. Kxc6 Kg4
59. Kxd5 Kxg3 60. c4 f4 61. c5 f3 62. c6 f2 63. c7 f1=Q 64. c8=Q Qf3+ 65. Ke5
Qe2+ 1/2-1/2

[Event "ENCI Limburg-open B"]
[Site "Maastricht"]
[Date "2008.05.11"]
[Round "4"]
[White "Daemen, Jules"]
[Black "Laarhoven, Marcel"]
[Result "0-1"]
[WhiteElo "1595"]
[BlackElo "1846"]
[PlyCount "118"]
[EventDate "2008.05.09"]
[EventType "swiss"]
[EventRounds "7"]
[EventCountry "NED"]
[Source "P.Boonen"]
[SourceDate "2010.01.01"]

1. d4 Nf6 2. c4 e5 3. d5 Bb4+ 4. Bd2 Bxd2+ 5. Nxd2 d6 6. Qc2 a5 7. e4 Na6 8. a3
Nc5 9. Be2 O-O 10. Ngf3 h6 11. O-O a4 12. Rac1 Bd7 13. Ne1 Nh7 14. Nd3 Nxd3 15.
Qxd3 f5 16. exf5 Bxf5 17. Qg3 Qf6 18. Rc3 Rae8 19. Bd1 Bd7 20. Re1 Qf4 21. Ne4
Nf6 22. Nxf6+ Rxf6 23. Qxf4 Rxf4 24. Bc2 Ref8 25. f3 Rd4 26. Be4 g5 27. h3 b6
28. Rc2 Kg7 29. g4 Kf6 30. Kg2 Rb8 31. Ree2 Ke7 32. Kg3 Rg8 33. Red2 Rxd2 34.
Rxd2 b5 35. Rc2 Rb8 36. cxb5 Rxb5 37. Rxc7 Kd8 38. Rc2 Ke7 39. h4 Rc5 40. Rh2
Ra5 41. hxg5 hxg5 42. Rh7+ Kd8 43. Rh6 Ke7 44. Rh2 Be8 45. Rc2 Rc5 46. Rxc5
dxc5 47. Kf2 Kd6 48. Ke3 Bb5 49. Kd2 Bc4 50. Kc3 Bb3 51. Kd3 Bxd5 52. Bxd5 Kxd5
53. Kc3 e4 54. fxe4+ Kxe4 55. b3 axb3 56. Kxb3 Kd3 57. Kb2 c4 58. Kc1 Kc3 59.
a4 Kb4 0-1

[Event "ENCI Limburg-open B"]
[Site "Maastricht"]
[Date "2008.05.11"]
[Round "4"]
[White "De Boer, Guus"]
[Black "Cromsigt, Jeroen"]
[Result "0-1"]
[WhiteElo "1673"]
[BlackElo "1860"]
[PlyCount "64"]
[EventDate "2008.05.09"]
[EventType "swiss"]
[EventRounds "7"]
[EventCountry "NED"]
[Source "P.Boonen"]
[SourceDate "2010.01.01"]

1. e4 e5 2. Nf3 Nc6 3. Bc4 Nf6 4. d3 Bc5 5. Nc3 d6 6. h3 Na5 7. Bb5+ c6 8. Ba4
b5 9. Bb3 Qb6 10. O-O Bd7 11. Bd2 h6 12. Ne2 g5 13. Bxf7+ Kxf7 14. b4 Nb7 15.
bxc5 Nxc5 16. g4 Ne6 17. Ng3 Rag8 18. Nf5 Qc7 19. Ng3 h5 20. gxh5 Nf4 21. h4
gxh4 22. Nxh4 Rxh5 23. Ng2 Nh3+ 24. Kh2 Rh7 25. Nh4 Rxh4 26. Kg2 Nf4+ 27. Kg1
Nh3+ 28. Kg2 Nf4+ 29. Kg1 N6h5 30. Qf3 Bg4 31. Qe3 Ne2+ 32. Kg2 Nhf4+ 0-1

[Event "ENCI Limburg-open B"]
[Site "Maastricht"]
[Date "2008.05.11"]
[Round "4"]
[White "De Jager, Leo"]
[Black "Yue, Tim"]
[Result "1-0"]
[WhiteElo "1894"]
[BlackElo "1482"]
[PlyCount "103"]
[EventDate "2008.05.09"]
[EventType "swiss"]
[EventRounds "7"]
[EventCountry "NED"]
[Source "P.Boonen"]
[SourceDate "2010.01.01"]

1. e4 c5 2. c3 d6 3. d4 cxd4 4. cxd4 Nf6 5. Nc3 g6 6. Be3 Nc6 7. h3 Bg7 8. Nf3
O-O 9. Bd3 Be6 10. d5 Bd7 11. dxc6 bxc6 12. O-O Rb8 13. Qd2 c5 14. Bh6 Qc7 15.
Bxg7 Kxg7 16. Nd5 Nxd5 17. exd5 Qb7 18. Qc3+ Kg8 19. Bc4 Qxb2 20. Qxb2 Rxb2 21.
Rab1 Rfb8 22. Bb3 Rxb1 23. Rxb1 c4 24. Bc2 Rxb1+ 25. Bxb1 e6 26. Nd4 exd5 27.
Bc2 Kg7 28. Kf1 f5 29. f4 Kf6 30. Nf3 h6 31. h4 Ke7 32. Kf2 Kd8 33. Ke3 Kc7 34.
Kd4 Bc6 35. h5 gxh5 36. Nh4 Bd7 37. Nxf5 Bxf5 38. Bxf5 Kc6 39. Be6 c3 40. Kxc3
Kc5 41. f5 d4+ 42. Kd3 d5 43. f6 Kd6 44. f7 Ke7 45. Kxd4 h4 46. Kxd5 h5 47. Ke5
a5 48. Kf5 a4 49. Kg6 Kf8 50. a3 h3 51. gxh3 h4 52. Ba2 1-0

[Event "ENCI Limburg-open B"]
[Site "Maastricht"]
[Date "2008.05.11"]
[Round "4"]
[White "De Jong, Ti"]
[Black "Knof, Henrike"]
[Result "0-1"]
[WhiteElo "1533"]
[BlackElo "1422"]
[PlyCount "88"]
[EventDate "2008.05.09"]
[EventType "swiss"]
[EventRounds "7"]
[EventCountry "NED"]
[Source "P.Boonen"]
[SourceDate "2010.01.01"]

1. e4 e5 2. f4 exf4 3. Nf3 d6 4. Bc4 Be7 5. O-O Bg4 6. d4 Nd7 7. Bxf4 Ngf6 8.
Nc3 c6 9. Qe1 Nh5 10. Bg3 O-O 11. Rd1 Nb6 12. Bd3 Bg5 13. Nxg5 Bxd1 14. Nxd1
Qxg5 15. Bxd6 Rfd8 16. Rf5 Qh6 17. e5 g6 18. Rf3 Nd5 19. g3 Qg5 20. Kh1 Qg4 21.
Qf2 Rd7 22. c3 Ng7 23. Ne3 Nxe3 24. Qxe3 Re8 25. Qf2 Ne6 26. Be2 Qe4 27. Bd3
Qd5 28. c4 Qxd4 29. Qxd4 Nxd4 30. Rf4 Ne6 31. Rf1 Nd8 32. Bc2 b6 33. Kg2 Nb7
34. Rd1 f6 35. Bb3 Nxd6 36. Rxd6 Rxd6 37. c5+ Kf8 38. cxd6 Rxe5 39. Kf3 Ke8 40.
g4 g5 41. Bc2 Kd7 42. Bxh7 Kxd6 43. Bg8 Kc5 44. h3 Kd4 0-1

[Event "ENCI Limburg-open B"]
[Site "Maastricht"]
[Date "2008.05.11"]
[Round "4"]
[White "De Lange, Gerard"]
[Black "Heijenrath, Jan"]
[Result "0-1"]
[WhiteElo "1611"]
[BlackElo "1821"]
[PlyCount "98"]
[EventDate "2008.05.09"]
[EventType "swiss"]
[EventRounds "7"]
[EventCountry "NED"]
[Source "P.Boonen"]
[SourceDate "2010.01.01"]

1. c4 Nf6 2. Nc3 e6 3. a3 d5 4. cxd5 exd5 5. d4 c6 6. g3 Bf5 7. Bg2 Bd6 8. Nf3
Nbd7 9. Nd2 O-O 10. O-O Re8 11. Re1 Qc7 12. e4 dxe4 13. Ndxe4 Nxe4 14. Nxe4
Bxe4 15. Rxe4 Nf6 16. Rxe8+ Rxe8 17. Bg5 Nd5 18. Qg4 Qc8 19. Qxc8 Rxc8 20. Bh3
Re8 21. Bd7 Re2 22. Rb1 h6 23. Kf1 Re4 24. Bd2 Rxd4 25. Be1 Re4 26. Rd1 Re7 27.
Bf5 g6 28. Bc2 Be5 29. Bd2 Bxb2 30. Bxh6 Bxa3 31. Bb3 Rd7 32. Ra1 Bc5 33. Re1
Kh7 34. Bc1 Bd4 35. Re4 Bf6 36. g4 Re7 37. Rc4 Nb6 38. Rc2 Bd4 39. Ba3 Rd7 40.
Re2 c5 41. g5 Kg7 42. h4 a5 43. Rd2 a4 44. Ba2 Rc7 45. Rc2 Nc8 46. Bd5 Nd6 47.
Rd2 Nf5 48. h5 gxh5 49. f4 Ne3+ 0-1

[Event "ENCI Limburg-open B"]
[Site "Maastricht"]
[Date "2008.05.11"]
[Round "4"]
[White "De Vries, Paul"]
[Black "Van Steenwinckel, Hugo"]
[Result "1/2-1/2"]
[WhiteElo "1495"]
[BlackElo "1699"]
[PlyCount "63"]
[EventDate "2008.05.09"]
[EventType "swiss"]
[EventRounds "7"]
[EventCountry "NED"]
[Source "P.Boonen"]
[SourceDate "2010.01.01"]

1. d4 d5 2. c4 e6 3. Nc3 Nf6 4. Bg5 Be7 5. Nf3 O-O 6. e3 c5 7. Bd3 Nc6 8. O-O
cxd4 9. exd4 Nb4 10. Be2 a6 11. a3 Nc6 12. cxd5 Nxd5 13. Bxe7 Ncxe7 14. Qc2 Bd7
15. Rac1 Rc8 16. Bd3 h6 17. Qd2 Bc6 18. Ne5 Kh8 19. Rfd1 f6 20. Nxc6 Nxc6 21.
Ne2 f5 22. Bb1 Qh4 23. Qd3 Rf6 24. Qg3 Qh5 25. Nf4 Nxf4 26. Qxf4 g5 27. Qe3 Qf7
28. Ba2 Re8 29. Qc3 Kh7 30. d5 exd5 31. Bxd5 Qe7 32. Kf1 1/2-1/2

[Event "ENCI Limburg-open B"]
[Site "Maastricht"]
[Date "2008.05.11"]
[Round "4"]
[White "De Vries, Robert"]
[Black "Herzet, Serge"]
[Result "1/2-1/2"]
[WhiteElo "1573"]
[BlackElo "1856"]
[PlyCount "123"]
[EventDate "2008.05.09"]
[EventType "swiss"]
[EventRounds "7"]
[EventCountry "NED"]
[Source "P.Boonen"]
[SourceDate "2010.01.01"]

1. d4 d5 2. c4 c6 3. Nc3 Nf6 4. Bg5 Nbd7 5. e3 h6 6. Bh4 e6 7. Nf3 Be7 8. h3
O-O 9. Be2 dxc4 10. Bxc4 b5 11. Be2 b4 12. Na4 g5 13. Bg3 c5 14. dxc5 Nxc5 15.
Qxd8 Rxd8 16. Nxc5 Bxc5 17. Rc1 Bb6 18. Bc7 Bxc7 19. Rxc7 Nd5 20. Rc1 a5 21.
Nd4 Bd7 22. h4 Kg7 23. hxg5 hxg5 24. Bd3 Rac8 25. Ke2 a4 26. a3 Rb8 27. Nc6
Bxc6 28. Rxc6 bxa3 29. bxa3 Rb3 30. Bc4 Nc3+ 31. Kf3 Rxa3 32. Rh5 Kg6 33. g4
Nd5 34. Bxd5 Rxd5 35. Rc8 Rb3 36. Rg8+ Kf6 37. Rh6+ Ke7 38. Ra8 a3 39. Ra7+ Rd7
40. Ra5 Rdb7 41. Rh5 R7b5 42. Rxg5 Rxg5 43. Rxg5 a2 44. Ra5 Rb2 45. Kg3 f6 46.
f4 Kd6 47. g5 fxg5 48. fxg5 Ke7 49. Kf4 Kf7 50. Ra6 Rf2+ 51. Kg3 Re2 52. Kf3
Rb2 53. Kf4 Kg7 54. e4 Kf7 55. Ke3 Rc2 56. Kd3 Rg2 57. Kc3 Kg6 58. Rxe6+ Kxg5
59. Ra6 Kf4 60. Kb3 Kxe4 61. Rxa2 Rg3+ 62. Kc4 1/2-1/2

[Event "ENCI Limburg-open B"]
[Site "Maastricht"]
[Date "2008.05.11"]
[Round "4"]
[White "Debusschere, Helmuth"]
[Black "Lombaers, Peter"]
[Result "0-1"]
[WhiteElo "1815"]
[BlackElo "1663"]
[PlyCount "148"]
[EventDate "2008.05.09"]
[EventType "swiss"]
[EventRounds "7"]
[EventCountry "NED"]
[Source "P.Boonen"]
[SourceDate "2010.01.01"]

1. e4 Nf6 2. e5 Nd5 3. Nf3 d6 4. d4 dxe5 5. dxe5 Bg4 6. Bc4 e6 7. O-O Nc6 8.
Bb5 Be7 9. c3 O-O 10. Re1 a6 11. Bxc6 bxc6 12. Nbd2 Nf4 13. Re4 Bxf3 14. Qxf3
Nd3 15. Rd4 Nxe5 16. Qe2 Bd6 17. Nf1 Qf6 18. Bf4 c5 19. Bxe5 Qxe5 20. Re4 Qd5
21. b3 Rfd8 22. Re1 Be7 23. Qf3 Bf6 24. h3 Rab8 25. Qg3 Qd6 26. Qf3 Qd3 27.
R4e3 Qc2 28. Qg3 Qxa2 29. Rf3 Kh8 30. Qxc7 Rf8 31. Qxc5 Qxb3 32. Ng3 Qb6 33.
Qh5 g6 34. Qg4 Bg7 35. h4 h6 36. Qa4 Qb5 37. Qa3 Qc4 38. Ne4 Rb3 39. Qe7 e5 40.
Rf6 Rbb8 41. Rf3 Rbe8 42. Qa3 Rd8 43. g3 f5 44. Nd6 Qd5 45. Ne4 fxe4 46. Rxf8+
Rxf8 47. Qxa6 Qd2 48. Re2 Qd3 49. Qa2 Rb8 50. Kh2 Rb1 51. Qa8+ Kh7 52. Rxe4 Qf1
53. Ra4 Qxf2+ 54. Qg2 Qxg2+ 55. Kxg2 Rc1 56. c4 e4 57. Kh3 e3 58. Ra2 Rxc4 59.
Kg2 Bc3 60. Kf3 Bd2 61. g4 g5 62. Ra7+ Kg8 63. Ra8+ Kf7 64. Ra7+ Ke6 65. Ra6+
Kd5 66. hxg5 hxg5 67. Rg6 Rf4+ 68. Kg3 Be1+ 69. Kg2 Bh4 70. Rg8 Rf2+ 71. Kg1
Ke4 72. Re8+ Kf4 73. Re6 e2 74. Re8 Kxg4 0-1

[Event "ENCI Limburg-open B"]
[Site "Maastricht"]
[Date "2008.05.11"]
[Round "4"]
[White "Doossche, Carlo"]
[Black "Overtoom, Reinier"]
[Result "1-0"]
[WhiteElo "1836"]
[BlackElo "1672"]
[PlyCount "77"]
[EventDate "2008.05.09"]
[EventType "swiss"]
[EventRounds "7"]
[EventCountry "NED"]
[Source "P.Boonen"]
[SourceDate "2010.01.01"]

1. c4 e5 2. Nc3 Nf6 3. g3 c6 4. Bg2 Be7 5. d4 d6 6. d5 c5 7. Nf3 Nbd7 8. O-O
Nf8 9. Nd2 Ng6 10. Qc2 Bd7 11. Nde4 Nxe4 12. Bxe4 O-O 13. Bf5 Qc8 14. e4 Re8
15. a4 Bf8 16. Bxd7 Qxd7 17. Kg2 Ne7 18. f3 g6 19. a5 f5 20. a6 b6 21. Qe2 Bg7
22. Nb5 Rf8 23. Bd2 f4 24. g4 Bf6 25. b4 Kg7 26. bxc5 dxc5 27. Bc3 Rae8 28. Qb2
Nc8 29. g5 Bxg5 30. Bxe5+ Rxe5 31. Qxe5+ Bf6 32. Qc7 Qxc7 33. Nxc7 Bxa1 34.
Ne6+ Kf7 35. Nxf8 Bf6 36. Nd7 Bd4 37. e5 Ke7 38. e6 Nd6 39. Nxb6 1-0